| 000 | 01017pam a2200337 a 4500 | ||
|---|---|---|---|
| 001 | 8339 | ||
| 003 | FISKH | ||
| 005 | 20250909151816.0 | ||
| 008 | 930513s1994 nyua j 000 0 eng | ||
| 010 | _a 93022800 | ||
| 020 |
_a0823411095 : _c$15.95 |
||
| 020 | _a9780823412440 | ||
| 020 | _a9780823411092 | ||
| 035 | _a3942337 | ||
| 040 |
_aDLC _cDLC _dDLC _beng |
||
| 050 | 0 | 0 |
_aQA117 _b.L44 1994 |
| 082 | 0 | 0 |
_a513.2/6 _220 |
| 100 | 1 | _aLeedy, Loreen. | |
| 245 | 1 | 0 |
_aFraction action / _cwritten and illustrated by Loreen Leedy. |
| 260 |
_aNew York : _bHoliday House, _c1994. |
||
| 300 |
_a31 pages : _bcolor illustrations ; _c28 cm |
||
| 505 | _aM | ||
| 520 | _aMiss Prime and her animal students explore fractions by finding many examples in the world around them. | ||
| 521 | 8 |
_a530
_bLexile |
|
| 521 | 8 |
_aM
_bRaz-Plus |
|
| 650 | 0 |
_aFractions _xJuvenile literature. |
|
| 650 | 1 | _aFractions. | |
| 906 |
_a7 _bcbc _corignew _d1 _eocip _f19 _gy-gencatlg |
||
| 942 |
_2ddc _cBK _n0 |
||
| 999 |
_c8339 _d8339 |
||